000 00385cam a2200169 4500
001 D12838
008 090401t1959 xxu||||| |||| 00| 0 eng d
035 _a(Sirsi) u6175
041 _aeng
100 _aGoodin, F. Glanville
245 _aDomestic sanitation
260 _aLondon
_bEstates Gazette
_c1959
350 _a0
520 _aShelf 116
942 _n0
948 _c04/03/1997
999 _c86251
_d86251